000 00502nam a22001697a 4500
005 20240311083545.0
008 240311b |||||||| |||| 00| 0 eng d
020 _a02577747
041 _aAfrikaans / English
082 _a349 TYD
100 _lAfrikaans / English
245 _aTydskrif vir die Suid-Afrikaanse Reg
260 _aKaapstad :
_bJuta en Kie Beperk,
_c1999
300 _b190 blaadsye ;
_c25 cm.
650 _aLegal practice
_bLaw
942 _cCR
_6ALISON_BN_VRIES
999 _c1435
_d1435